=LDR 00000nam 2200000 4500 =001 NUTBA000000000002444 =005 20140617085555.0 =006 =007 =008 =020 ##$$a 978-979-665-842-8 =035 ##$$a 0010-061400000000387 =040 ##$$a NBPDMAT =082 ##$$a 771.3 =090 ##$$a 771.3 $b Irf e =100 ##$$a Irfan Arifuddin =245 ##$$a Ensiklopedia mini kamera dari masa ke masa / $c Irfan Arifuddin =260 ##$$a Bandung : $b Angkasa, $c 2013 =300 ##$$a 78 hlm. : $b ilus. ; $c 25 cm. =500 ##$$a Bibliografi : hlm. 74 =650 ##$$a Kamera =850 ##$$a NBPDMAT =990 ##$$a 21403032